Statistics for Bulgaria Country Quiz

Click here to take the quiz!

General Stats

  • This quiz has been taken 7,829 times
    (7,528 since last reset)
  • The average score is 13 of 17

Answer Stats

Hint Answer % Correct
Capital citySofia
98%
Bordering countriesRomania
98%
Sea which Bulgaria bordersBlack Sea
96%
Bordering countriesGreece
94%
Bordering countriesSerbia
93%
Bordering countriesTurkey
91%
Bordering countriesNorth Macedonia
91%
Empire from which Bulgaria gained its de-facto independence in 1878Ottoman Empire
89%
River forming much of Bulgaria's northern borderDanube
86%
Peninsula on which Bulgaria liesBalkan
80%
Alphabet first developed in Bulgaria in the 9th centuryCyrillic
79%
Name one of the two sports in which Bulgaria has won the most Olympic medalsWrestling | Weightlifting
63%
Bulgarian ranks 9th in per-capita consumption of this
(hint: Rakia is a Bulgarian variety)
Alcohol
53%
Tasty food made with help from Lactobacillus bulgaricusYogurt
48%
Most populous Bulgarian city on that seaVarna
44%
Currency of BulgariaLev
39%
Southern Bulgaria is part of this ancient region starting with TThrace
36%

Score Distribution

Percentile by Number Answered

Percent of People with Each Score

Your Score History

You have not taken this quiz since the last reset